000 00756nam a2200217Ia 4500
003 GCL
008 140319s9999 xx 000 0 ara d
020 _a9206000977
040 _aGCL /
_cGCL
082 0 4 _a327.117
_bب م
100 1 _aاحمد الشيخ
245 1 0 _aمن يجرؤ على نقد اسرائيل ؟ :
_bEST - IL PERMIS DE CRITIQUER ISRAEL ? /
_cاحمد الشيخ
700 1 _aبونيفاس، باسكال
250 _aالاولى
260 _aالامارات :
_bالمركز العربى للدراسات ،
_c2004
300 _a265 ص ؛
_c16 سم
650 0 4 _aالصهيونية
650 0 4 _aاسرائيل - العلاقات الخارجية
650 0 4 _aاسرائيل - الوضع الدولى
942 _2ddc
_cBK
999 _c8660
_d8660